000
00279nam a2200097Ia 4500
001
1094346
005
20250827002954.0
008
250824s9999 xx 000 0 und d
245
0
_a
İSMAİL GASPIRALI VE RUSYA TÜRKLERİNDE MİLLİ UYANIŞ
_c
SELÇUK TÜRKYILMAZ
260
_b
KETEBE
999
_c
1094346
_d
1094346